000 00370nam a2200145Ia 4500
008 231129s1986||||xx |||||||||||||| ||spa||
020 _a958-16-0131-7
040 _bspa
082 _a808.83872 B964p
100 _aBurnett W.R.
245 0 _aEl pequeno Cesar
260 _c1986
264 _aLa Montana Magica
942 _2ddc
_cBKS
999 _c12044
_d12044